| 000 | 02504cam a2200325 i 4500 | ||
|---|---|---|---|
| 001 | 21140520 | ||
| 005 | 20230425150201.0 | ||
| 008 | 230425s2020 enka b 001 0 eng | ||
| 020 |
_a9781409450993 _q(hardback) |
||
| 020 |
_z9781003001553 _q(ebook) |
||
| 041 | _aeng | ||
| 082 | 0 | 0 | _a658.4 |
| 100 | 1 |
_aNalewaik, Alexia, _eauthor. |
|
| 245 | 1 | 0 |
_aProject cost recording and reporting / _cAlexia Nalewaik. |
| 264 | 1 |
_aLondon ; _aNew York : _bRoutledge, Taylor & Francis Group, _c2020. |
|
| 300 |
_axiii, 112 pages : _billustrations ; _c23 cm |
||
| 336 |
_atext _btxt _2rdacontent |
||
| 337 |
_aunmediated _bn _2rdamedia |
||
| 338 |
_avolume _bnc _2rdacarrier |
||
| 504 | _aIncludes bibliographical references and index. | ||
| 520 |
_a"Communication is a vital part of project management, and reports are one of the preferred vehicles for transmitting information to an intended internal or external audience. Reports are also part of the system of control and governance on projects, used to bring attention to issues and prompt action to improve project outcomes. There are countless ways of combining project information for consumption by stakeholders. This book discusses the purpose of project reports, and provides examples of the format, content, timing, and audience for various types. Using principles of stakeholders and risk management, it presents a rationale for communication plans, enabling appropriate reporting at the project, program, and portfolio level. The author also: presents tangible experience and suggestions for developing project reports, discusses project reports in context, as applicable to types of stakeholders and the project lifecycle, identifies sources and types of data required for adequate reporting, offers examples of report formats, graphics, and content, and reflects on typical challenges encountered with project reporting. It is essential reading for practitioners and students of project management, cost control and accountancy"-- _cProvided by publisher. |
||
| 650 | 0 | _aProject management. | |
| 650 | 0 | _aBusiness report writing. | |
| 650 | 0 | _aBudget process. | |
| 651 | _aUnited Kingdom | ||
| 776 | 0 | 8 |
_iOnline version: _aNalewaik, Alexia, 1968- _tProject cost recording and reporting. _dMilton Park, Abingdon, Oxon ; New York, NY : Routledge, 2020. _z9781003001553 _w(DLC) 2019036491 |
| 906 |
_a7 _bcbc _corignew _d1 _eecip _f20 _gy-gencatlg |
||
| 942 | _n0 | ||
| 999 |
_c121474 _d121474 |
||